Henderson's picturesque gardens and ornamental gardening illustrated,

Saved in:
Bibliographic Details
Main Author: Henderson, Charles.
Format: Book
Language:English
Published: New York, Henderson, 1908.
Subjects:
Tags: Add Tag
No Tags, Be the first to tag this record!
LEADER 00639cam a2200217I 4500
001 000000687-4
005 20020606090541.3
008 761027s1908 nyua 000 0 eng
010 |a  29000858  
035 0 |a ocm02532831 
040 |a DLC  |c NRC  |d OCL  |d m/c  |d FLL 
050 0 |a SB465  |b .H5 1908 
100 1 |a Henderson, Charles. 
245 0 0 |a Henderson's picturesque gardens and ornamental gardening illustrated,  |c by Charles Henderson. 
246 3 |a Picturesque gardens. 
260 |a New York,  |b Henderson,  |c 1908. 
300 |a 167 p.  |b illus.  |c 25 x 31 cm. 
650 0 |a Gardens. 
650 0 |a Landscape gardening. 
988 |a 20020608 
906 |0 DLC